Score 0/24 Timer 06:00
1 Play Today
Clue Answer % Correct
Which First Lady died at the age of 92?Barbara Bush
78.1%
Which Marvel comic book writer died aged 95?Stan Lee
77.1%
The IOC announced which country's membership was to be restored?Russia
72.3%
Which theoretical physicist died at the age of 76?Stephen Hawking
71.4%
HomePod voice speaker was launched by which company?Apple Inc.
71.3%
In which country were 12 boys and their coach rescued from flooded caves?Thailand
70.2%
In which Nevada city did two nuns admit spending embezzled money?Las Vegas
69.9%
The 52nd Super Bowl was won by which team?Philadelphia Eagles
60.4%
Which soccer club sacked manager José Mourinho?Manchester United
52.9%
In which country was the world's longest sea crossing bridge opened to public?China
52.3%
NASA launched a robotic probe that would be the closest man-made object to which celestial body?Sun
49.3%
Harry and Meghan married at which medieval castle?Windsor
48.5%
Clue Answer % Correct
In which city was the opening game of the 2018 FIFA World Cup?Moscow
47.7%
Which country staged the fake murder of journalist Arkady Babchenko?Ukraine
45.6%
Which German car maker revealed its plans to construct an electric car?Mercedes
44.4%
President Trump nominated which lawyer for the vacant Supreme Court seat?Brett Kavanaugh
43.8%
In which city was journalist Jamal Khashoggi murdered in the Saudi consulate?Istanbul
43.4%
Which country hosted the Trump Kim Summit?Singapore
41.6%
104 kidnapped girls were released to their families from which militant group?Boko Haram
40.5%
Swaziland changed its English name to what?Eswatini
36%
Which Canadian city voted against hosting the 2026 Olympics?Calgary
33.4%
What famous tapestry did Emmanuel Macron agree to loan to the UK?Bayeux
33.4%
Which country's National Museum was gutted by fire?Brazil
32%
In which Italian city did the Morandi motorway bridge collapse?Genoa
22.8%
Remove Ads.
Support Sporcle.
Get the best of Sporcle when you Go Orange. This ad-free experience offers more features, more stats, and more fun while also helping to support Sporcle. Thank you for becoming a member.

You're not logged in!

Compare scores with friends on all Sporcle quizzes.
OR
Log In

Show Comments

Extras

Top Quizzes Today


Score Distribution

Your Account Isn't Verified!

In order to create a playlist on Sporcle, you need to verify the email address you used during registration. Go to your Sporcle Settings to finish the process.

Report this User

Report this user for behavior that violates our Community Guidelines.

Details: